Numerical simulation of non-Newtonian flow /
Guardado en:
| Autor Principal: | |
|---|---|
| Otros Autores: | , |
| Formato: | Libro |
| Idioma: | English |
| Publicado: |
Amsterdam :
Elsevier,
1984.
|
| Series: | Rheology series ;
1 |
| Materias: | |
| Etiquetas: |
Agregar Etiqueta
Sin Etiquetas, Sea el primero en etiquetar este registro!
|
| LEADER | 00916pam a22002775a 4500 | ||
|---|---|---|---|
| 001 | EIQ.libpla000408 | ||
| 008 | 831223s1984####ne#a#####b####001#0#eng#d | ||
| 005 | 20080221161149.0 | ||
| 245 | 1 | 0 | |a Numerical simulation of non-Newtonian flow / |c M.J. Crochet, A.R. Davies, K. Walters. |
| 260 | |a Amsterdam : |b Elsevier, |c 1984. | ||
| 300 | |a xiii, 352 p. : |b il. ; |c 25 cm. | ||
| 440 | 0 | |a Rheology series ; |v 1 | |
| 504 | |a Bibliografía: p. 321-333. | ||
| 500 | |a Incluye índices. | ||
| 020 | |a 0444422919 | ||
| 100 | 1 | |a Crochet, Marcel J. | |
| 700 | 1 | |a Davies, A. R., |d 1948- | |
| 700 | 1 | |a Walters, Kenneth. | |
| 082 | 0 | 0 | |a 532/.051 |2 19 |
| 650 | 4 | |a Fluidos no-newtonianos |x Teoría. | |
| 650 | 4 | |a Dinámica de fluídos |x Teoría. | |
| 650 | 4 | |a Fluid dynamics |x Theory. | |
| 650 | 4 | |a Non-newtonian fluids |x Theory. | |
| 010 | |a 83027455 | ||
| 040 | |a DLC |c DLC |d AR-BbSID | ||
| 859 | |a AR-BbSID |b BIB. PLAPIQUI |h 532.051 |i C 872 |p 1305 | ||
